000 00629nam a2200217Ii 4500
003 JO-AjNU
008 230606s9999||||xx |||||||||||||| ||und||
020 _a978-1-292-21154-1
040 _aJO-AjNU
_beng
_erda
_cJO-AjNU
041 _aeng
050 1 4 _aHF5686.D38 2018
100 3 _aDatar, Srikant M, Madhav V. Rajan ,
_eauthor
_95923
245 0 0 _aHorngren's Cost Accounting: A Managerial Emphasis
250 _a16 ed
264 3 1 _aBritish: Pearson ,1988
300 _a991p
336 _atext
_btxt
_2rdacontent
337 _aunmediated
_bn
_2rdamedia
338 _avolume
_bnc
_2rdacarrier
650 4 _aAccounting
_95924
999 _aE3073
_c3070
_d3070